Humanismo del otro hombre
Guardat en:
| Autor principal: | |
|---|---|
| Format: | Llibre |
| Idioma: | espanyol |
| Publicat: |
Cuernavaca
Siglo Veintiuno Editores
2006
|
| Edició: | 6a. ed |
| Matèries: | |
| Etiquetes: |
Afegir etiqueta
Sense etiquetes, Sigues el primer a etiquetar aquest registre!
|
MARC
| LEADER | 00000cam a2200000 a 4500 | ||
|---|---|---|---|
| 001 | UCE8029 | ||
| 003 | CL-VaPUC | ||
| 008 | 150728e20060000mx |||||||||||||||||spa|d | ||
| 020 | |a 9682318505 | ||
| 082 | 0 | 4 | |a 121 |b LEV |2 21 |
| 100 | |a Lévinas, Emmanuel |e autor |9 340519 | ||
| 245 | 1 | 0 | |a Humanismo del otro hombre |
| 250 | |a 6a. ed | ||
| 300 | |a 136 p | ||
| 942 | |c BK | ||
| 945 | |d 20150728 02:04:00 |a dcastane | ||
| 260 | |a Cuernavaca |b Siglo Veintiuno Editores |c 2006 | ||
| 650 | 0 | |a Humanismo |9 256530 | |
| 650 | 0 | |a Ontología |9 256850 | |
| 583 | |a last modification |c 20150728 02:04:00 |k Rodrigo Vera | ||
| 999 | |c 359985 |d 359983 | ||
| 952 | |0 0 |1 0 |3 erb |4 0 |6 121_000000000000000_LEV_2006 |7 0 |8 A |9 469608 |a BIBEDU |b BIBEDU |c ES_NOD |e Villagrán Garnham, Jorge |i 5187044 |o 121 LEV 2006 |p 5187044 |r 2023-08-09 |w 2019-11-23 |y BK |z Catalogado en:20150728 |k FIL | ||